000 00586nam a2200169 4500
008 030404s2002 ne eng
020 _a9004122354
090 _aG1786.S1
_bK38
_b2002
245 1 0 _aAn historical atlas of Islam /
_cedited by Hugh Kennedy.
260 _aLeiden :
_bE. J. Brill,
_cc2002.
300 _axx, 86 p. :
_bmaps, CD Rom
650 4 _aIslamic countries
_xCivilization
_xMaps.
650 4 _aIslamic countries
_xHistorical geography
_xMaps.
700 1 _aKennedy, Hugh
951 _pR-141
_oG1786.S1/K38/2002
_j070613111352281
_d2000-12-21
_cCD-ROM
999 _c19819
_d19819